000 01882cam a22004694i 4500
003 PE-LiUPU
005 20250731165412.0
008 151029s2003 pe a grm 000 0 spa d
035 _a(Sirsi) a155087
040 _aPE-LiUPU
_bspa
_cPE-LiUPU
_erda
099 _aTNH 2
_bO71 2003
100 1 _aOrozco Cisneros, Elisa
_eautor
245 1 _aRelación del estado nutricional y el rendimiento académico en los alumnos del primer y segundo grado de la Escuela Primaria de menores Nro. 1279. Asentamiento Humano Huaycán durante 2001.
264 0 _c2003.
300 _a81 hojas
_c30 cm
336 _atext
_2rdacontent
337 _aunmediated
_2rdamedia
338 _avolume
_2rdacarrier
502 _aTesis
_b(Lic.) --
_cUniversidad Peruana Unión,
_d2003.
504 _aIncluye referencias
520 3 _aEl presente trabajo tiene por objetivo determinar la relación entre el Estado Nutricional según indicadores (peso/talla/edad/peso) y con prueba bioquímica (hemoglobina) y el rendimiento académico de los alumnos del primer y segundo grado de la Escuela Primaria de Menores N° 1279- AA.HH de Huaycán durante el 2001. El estudio fue descriptivo transversal, conformada con una población escolar de 400 escolares.
526 _aSEG44
526 _aSEG26
526 _aP151
526 _aP150
526 _aP149
526 _aP146
526 _aP145
526 _aP126
526 _aP125
526 _aP92
526 _aP75
526 _aP74
526 _aP27
526 _aP15
650 0 4 _aRendimiento académico
_xNutrición.
650 0 4 _aEducación primaria
_xNurición.
650 0 4 _aEducación primaria
_xRendimiento académico.
596 _a1
942 _2ddc
_cTESIS
999 _aTNH 2 O71 2003
_wALPHANUM
_c7777
_iT00350
_lCCODEBUL3
_mBUL
_r1
_sY
_tTESIS
_u2015-10-29
_xSALUD
_PP31
_o.STAFF. Tesis
_d7777
980 _81
_gALBERTO SANCHEZ Responsable de Automatización